Fault Lines (Record no. 369549)

MARC details
000 -LEADER
fixed length control field 00296nam a2200121Ia 4500
005 - DATE AND TIME OF LATEST TRANSACTION
control field 20251223131553.0
008 - FIXED-LENGTH DATA ELEMENTS--GENERAL INFORMATION
fixed length control field 251219s9999 xx 000 0 und d
041 ## - LANGUAGE CODE
Language code of text/sound track or separate title eng
100 ## - MAIN ENTRY--PERSONAL NAME
Personal name Rajan R
9 (RLIN) 216014
245 ## - TITLE STATEMENT
Title Fault Lines
260 ## - PUBLICATION, DISTRIBUTION, ETC. (IMPRINT)
Name of publisher, distributor, etc. Collins Business/India
Date of publication, distribution, etc. 2010
300 ## - PHYSICAL DESCRIPTION
Extent 355
Other physical details Paper Back
Holdings
Withdrawn status Lost status Damaged status Not for loan Home library Current library Date acquired Cost, normal purchase price Total Checkouts Barcode Date last seen Cost, replacement price Bill Date Koha item type Original Barcode
        Smt. Hiraben Nanavati Institute of Management & Research for Women Smt. Hiraben Nanavati Institute of Management & Research for Women 12/12/2025 1.00   HIMR-DB-3295 23/12/2025 1.00 23/12/2025 Donated Book DB3295